[Event "AUT-ch U16/18 Girls"]
[Site "St Veit"]
[Date "2023.04.05"]
[Round "6"]
[White "Marinovic, Sara"]
[Black "Schuetz, Sarah"]
[Result "1-0"]
[WhiteElo "1556"]
[BlackElo "1416"]
[PlyCount "61"]
[EventDate "2023.04.02"]
[EventType "swiss"]
[EventRounds "7"]
[EventCountry "AUT"]
[SourceTitle "EXT 2024"]
[Source "ChessBase"]
[SourceDate "2023.10.10"]
[SourceVersion "1"]
[SourceVersionDate "2023.10.10"]
[SourceQuality "1"]

1. e4 c5 2. Nf3 Nc6 3. d4 cxd4 4. Nxd4 e5 5. Nb5 d6 6. N1c3 a6 7. Na3 b5 8. Nd5 Nf6 9. g3 Be7 10. Bg2 0-0 11. 0-0 Re8 12. c4 b4 13. Nc2 a5 14. b3 Rb8 15. Bb2 Be6 16. Nce3 Qd7 17. f4 Bh3 18. Nxf6+ Bxf6 19. Bxh3 Qxh3 20. f5 Rbd8 21. Ng4 Bg5 22. Kh1 Be7 23. Nf2 Qh6 24. Bc1 g5 25. Ng4 Qh3 26. f6 Bf8 27. Bxg5 h6 28. Nf2 Qe6 29. Qh5 hxg5 30. Qxg5+ Kh7 31. Ng4 1-0

[Event "AUT-ch U16/18 Girls"]
[Site "St Veit"]
[Date "2023.04.04"]
[Round "5"]
[White "Schuetz, Sarah"]
[Black "Egger, Stefanie"]
[Result "0-1"]
[WhiteElo "1416"]
[BlackElo "1695"]
[PlyCount "86"]
[EventDate "2023.04.02"]
[EventType "swiss"]
[EventRounds "7"]
[EventCountry "AUT"]
[SourceTitle "EXT 2024"]
[Source "ChessBase"]
[SourceDate "2023.10.10"]
[SourceVersion "1"]
[SourceVersionDate "2023.10.10"]
[SourceQuality "1"]

1. e4 c5 2. d4 cxd4 3. c3 Nf6 4. e5 Nd5 5. cxd4 e6 6. Nf3 d6 7. Bc4 Nb6 8. 0-0 Nxc4 9. Qa4+ Nc6 10. Qxc4 dxe5 11. dxe5 Be7 12. Nc3 0-0 13. Qg4 Kh8 14. Be3 Qc7 15. h4 Nxe5 16. Nxe5 Qxe5 17. Bd4 f5 18. Bxe5 fxg4 19. g3 Bd7 20. Rad1 Bc6 21. Rd4 h5 22. a4 Rad8 23. Rxd8 Rxd8 24. Ne2 Be8 25. Rc1 Kh7 26. Nf4 Bxa4 27. Nxh5 Rd1+ 28. Rxd1 Bxd1 29. Bd4 g6 30. Nf4 Bb3 31. Bxa7 Bf6 32. Kf1 Bxb2 33. Nd3 Bc4 34. Ke2 Kg7 35. Ke3 Bxd3 36. Kxd3 Kf6 37. Ke2 Kf5 38. Bb6 Ke4 39. Ba5 e5 40. Bb4 b5 41. Bd2 Ba3 42. Bg5 Bc5 43. Bc1 b4 0-1